Isaac Albéniz (Record no. 81831)

MARC details
000 -LEADER
campo de control de longitud fija 00824nam a2200265 i 4500
001 - NÚMERO DE CONTROL
campo de control 81831
003 - IDENTIFICADOR DE NÚMERO DE CONTROL
campo de control ES-MaACL
005 - FECHA Y HORA DE LA ÚLTIMA TRANSACCIÓN
campo de control 20250901021458.0
007 - CAMPO FIJO DE DESCRIPCIÓN FÍSICA--INFORMACIÓN GENERAL
campo de control de longitud fija t|
008 - DATOS DE LONGITUD FIJA--INFORMACIÓN GENERAL
campo de control de longitud fija 041108s1987 sp a ||||1|bspa d
020 ## - NÚMERO INTERNACIONAL ESTÁNDAR DEL LIBRO
Número Internacional Estándar del Libro 84-381-0111-9
080 ## - NÚMERO DE LA CLASIFICACIÓN DECIMAL UNIVERSAL
Número de la Clasificación Decimal Universal 929:78 Albéniz, Isaac
100 1# - ENTRADA PRINCIPAL--NOMBRE DE PERSONA
Nombre de persona Iglesias, Antonio,
Fechas asociadas al nombre 1918-2011
9 (RLIN) 157818
245 10 - MENCIÓN DEL TÍTULO
Título Isaac Albéniz
Resto del título : (su obra para piano) /
Mención de responsabilidad, etc. Antonio Iglesias.
260 ## - PUBLICACIÓN, DISTRIBUCIÓN, ETC.
Lugar de publicación, distribución, etc. Madrid :
Nombre del editor, distribuidor, etc. Alpuerto,
Fecha de publicación, distribución, etc. 1987.
300 ## - DESCRIPCIÓN FÍSICA
Extensión 2 v. :
Otras características físicas il., música ;
Dimensiones 21 cm.
500 ## - NOTA GENERAL
Nota general Catálogo general de las obras de Albéniz.
500 ## - NOTA GENERAL
Nota general Índice.
504 ## - NOTA DE BIBLIOGRAFÍA, ETC.
Nota de bibliografía, etc. Bibliografía.
600 17 - PUNTO DE ACCESO ADICIONAL DE MATERIA--NOMBRE DE PERSONA
Nombre de persona Albéniz, Isaac,
Fechas asociadas al nombre 1860-1909
Fuente del encabezamiento o término embne
9 (RLIN) 19261
700 1# - ENTRADA AGREGADA--NOMBRE PERSONAL
Nombre de persona Albéniz, Isaac,
Fechas asociadas al nombre 1860-1909
9 (RLIN) 19261
852 ## - LOCALIZACIÓN
Ubicación ES-MaACL
Número de control de estantería D-2858-59
852 ## - LOCALIZACIÓN
Ubicación ES-MaACL
Número de control de estantería L-13325-26
Holdings
Estatus retirado Estado de pérdida Estado de daño No para préstamo Biblioteca de origen Biblioteca actual Ubicación en estantería Fecha de adquisición Fuente de adquisición Total de préstamos Signatura topográfica completa Código de barras Visto por última vez Precio de reemplazo Tipo de ítem Koha
        Biblioteca del Ateneo de Madrid Biblioteca del Ateneo de Madrid Depósito 2 05/10/2015     L-13325-26 1194216 23/02/2023 23/02/2023 Libro impreso
        Biblioteca del Ateneo de Madrid Biblioteca del Ateneo de Madrid Sala Valle Inclán 17/01/2008     D-2858-59 901085530 23/02/2023 23/02/2023 Libro impreso